000 00303nab a22001097u 4500
008 130520b2004 xxu||||| |||| 00| 0 spa d
041 _aspa
100 1 _aClines, David
_916617
245 0 0 _aEl Dios de Job
_cDavid Clines
773 0 _tConcilium
_gnº307,2004,págs. 47-62
_x0210-1041
_wRev134
942 _cAR
999 _c370364
_d370364